100 Melhores Filmes Brasileiros - Statistics

Estatísticas Gerais
  • Esse quiz foi jogado 217 vezes
  • A pontuação média é 10 de 100
Estatísticas das Respostas
Diretor Ano Filme % Correto
8 Fernando Meirelles e Kátia Lund 2002 Cidade de Deus
83%
30 José Padilha 2007 Tropa de Elite
77%
11 Walter Salles 1998 Central do Brasil
71%
63 Guel Arraes 2000 O Auto da Compadecida
55%
95 Hector Babenco 2003 Carandiru
41%
71 Anna Muylaert 2015 Que Horas Ela Volta?
38%
2 Glauber Rocha 1964 Deus e o Diabo na Terra do Sol
27%
74 Marcos Jorge 2007 Estômago
24%
9 Anselmo Duarte 1962 O Pagador de Promessas
23%
97 Selton Mello 2011 O Palhaço
23%
3 Nelson Pereira dos Santos 1963 Vidas Secas
20%
5 Glauber Rocha 1967 Terra em Transe
19%
4 Eduardo Coutinho 1984 Cabra Marcado Para Morrer
16%
27 Nelson Pereira dos Santos 1955 Rio, 40 Graus
16%
72 Laís Bodanzky 2001 Bicho de Sete Cabeças
15%
1 Mário Peixoto 1931 Limite
15%
39 Bruno Barreto 1976 Dona Flor e Seus Dois Maridos
14%
10 Joaquim Pedro de Andrade 1969 Macunaíma
14%
42 Suzana Amaral 1985 A Hora da Estrela
13%
6 Rogério Sganzerla 1968 O Bandido da Luz Vermelha
13%
15 Kleber Mendonça Filho 2012 O Som ao Redor
13%
12 Hector Babenco 1980 Pixote, a Lei do Mais Fraco
13%
28 Eduardo Coutinho 2002 Edifício Master
12%
14 Leon Hirszman 1981 Eles Não Usam Black-Tie
12%
46 José Mojica Marins 1964 À Meia-Noite Levarei Sua Alma
11%
17 Eduardo Coutinho 2007 Jogo de Cena
11%
38 Júlio Bressane 1969 Matou a Família e Foi ao Cinema
11%
47 Walter Salles e Daniela Thomas 1996 Terra Estrangeira
11%
58 Walter Salles 2001 Abril Despedaçado
10%
18 Carlos Diegues 1979 Bye Bye Brasil
10%
88 Glauber Rocha 1977 Di
10%
13 Jorge Furtado 1989 Ilha das Flores
10%
53 Karim Aïnouz 2002 Madame Satã
10%
61 Hector Babenco 1985 O Beijo da Mulher Aranha
10%
35 José Padilha 2010 Tropa de Elite 2: O Inimigo Agora é Outro
10%
60 Fernando Coimbra 2015 O Lobo Atrás da Porta
9%
49 Nelson Pereira dos Santos 1957 Rio, Zona Norte
9%
7 Luís Sérgio Person 1965 São Paulo, Sociedade Anônima
9%
16 Luiz Fernando Carvalho 2001 Lavoura Arcaica
7%
99 Cao Hamburger 2006 O Ano em que Meus Pais Saíram de Férias
7%
70 Karim Aïnouz 2006 O Céu de Suely
7%
54 Leon Hirszman 1965 A Falecida
6%
86 Cláudio Assis 2002 Amarelo Manga
6%
67 José Padilha 2002 Ônibus 174
6%
57 Glauber Rocha 1980 A Idade da Terra
5%
34 Glauber Rocha 1969 O Dragão da Maldade Contra o Santo Guerreiro
5%
31 Joaquim Pedro de Andrade 1965 O Padre e a Moça
5%
23 Ruy Guerra 1964 Os Fuzis
5%
50 Carlos Reichenbach 1993 Alma Corsária
4%
48 Rogério Sganzerla 1969 A Mulher de Todos
4%
90 José Mojica Marins 1967 Esta Noite Encarnarei no Teu Cadáver
4%
45 Carlos Reichenbach 1986 Filme Demência
4%
19 Roberto Farias 1962 O Assalto ao Trem Pagador
4%
62 João Batista de Andrade 1980 O Homem Que Virou Suco
4%
77 Roberto Farias 1982 Pra Frente, Brasil
4%
20 Leon Hirszman 1972 S. Bernardo
4%
43 Rogério Sganzerla 1970 Sem Essa, Aranha
4%
52 Arnaldo Jabor 1973 Toda Nudez Será Castigada
4%
37 Domingos de Oliveira 1967 Todas as Mulheres do Mundo
4%
51 Ozualdo Candeias 1967 A Margem
3%
83 André Klotzel 1985 A Marvada Carne
3%
78 Hector Babenco 1976 Lúcio Flávio, o Passageiro da Agonia
3%
68 Júlio Bressane 1969 O Anjo Nasceu
3%
66 Luís Sérgio Person 1967 O Caso dos Irmãos Naves
3%
36 Beto Brant 2002 O Invasor
3%
40 Ruy Guerra 1962 Os Cafajestes
3%
98 Rogério Sganzerla 2003 O Signo do Caos
3%
87 J. B. Tanko 1981 Os Saltimbancos Trapalhões
3%
33 João Moreira Salles 2007 Santiago
3%
73 Hilton Lacerda 2013 Tatuagem
3%
56 Arnaldo Jabor 1978 Tudo Bem
3%
65 Walter Lima Jr. 1978 A Lira do Delírio
2%
80 Carlos Reichenbach 1987 Anjos do Arrabalde
2%
94 Linduarte Noronha 1960 Aruanda
2%
76 Paulo Caldas e Lírio Ferreira 1997 Baile Perfumado
2%
25 Andrea Tonacci 1971 Bang Bang
2%
96 Andrea Tonacci 1968 Bla Bla Blá
2%
91 Carlos Alberto Prates Correia 1980 Cabaret Mineiro
2%
92 Carlos Diegues 1977 Chuvas de Verão
2%
75 Marcelo Gomes 2005 Cinema, Aspirinas e Urubus
2%
93 Carlos Reichenbach 1999 Dois Córregos
2%
24 Humberto Mauro 1933 Ganga Bruta
2%
85 Walter Lima Jr. 1983 Inocência
2%
21 Jorge Bodanzky e Orlando Senna 1975 Iracema - Uma Transa Amazônica
2%
81 Ana Carolina 1977 Mar de Rosas
2%
29 Nelson Pereira dos Santos 1984 Memórias do Cárcere
2%
69 Ozualdo Candeias 1969 Meu Nome é... Tonho
2%
22 Walter Hugo Khouri 1964 Noite Vazia
2%
64 Lima Barreto 1953 O Cangaceiro
2%
55 José Mojica Marins 1969 O Despertar da Besta
2%
41 Carlos Manga 1959 O Homem do Sputnik
2%
89 Joaquim Pedro de Andrade 1972 Os Inconfidentes
2%
32 Andrea Tonacci 2006 Serras da Desordem
2%
44 Edgard Navarro 1989 Superoutro
2%
26 Roberto Santos 1965 A Hora e Vez de Augusto Matraga
1%
100 André Luiz Oliveira 1969 Meteorango Kid: Herói Intergalático
1%
59 Roberto Santos 1958 O Grande Momento
1%
82 Vladimir Carvalho 1971 O País de São Saruê
1%
79 Paulo César Saraceni 1999 O Viajante
1%
84 Hermanno Penna 1983 Sargento Getúlio
1%
Nenhum quiz correspondente encontrado
Distribuição das Pontuações
Porcentagem de Pessoas com Cada Pontuação
Percentil de Números Respondidos
Sua Pontuação Histórica
Você não jogou esse quiz